LEADER 01518nam a2200397 i 4500 001 991001809009707536 008 120914s2012 riua b 001 0 eng d 020 $a9780821846940 035 $ab14074059-39ule_inst 040 $aDip.to Matematica e Fisica$beng 082 04$a515.352$223 084 $aAMS 34B15 084 $aAMS 34B16 084 $aAMS 34C28 084 $aAMS 34C37 084 $aAMS 34E05 084 $aAMS 35A24 084 $aAMS 35C07 084 $aAMS 37C29 084 $aAMS 37D45 084 $aLC QA379.H377 100 1 $aHastings, Stuart P.$0477400 245 10$aClassical methods in ordinary differential equations :$bwith applications to boundary value problems /$cStuart P. Hastings, J. Bryce McLeod 260 $aProvidence, R. I. :$bAmerican Mathematical Society,$cc2012 300 $axvii, 373 p. :$bill. ;$c26 cm 440 0$aGraduate studies in mathematics,$x1065-7339 ;$v129 504 $aIncludes bibliographical references and index 650 0$aBoundary value problems 650 0$aDifferential equations, Nonlinear 700 1 $aMcLeod, J. Bryce$eauthor$4http://id.loc.gov/vocabulary/relators/aut$0515318 907 $a.b14074059$b13-11-12$c14-09-12 912 $a991001809009707536 945 $aLE013 34B HAS11 (2012)$g1$i2013000217611$lle013$op$pE62.00$q-$rl$s- $t0$u1$v0$w1$x0$y.i1545650x$z12-11-12 996 $aClassical methods in ordinary differential equations$91442430 997 $aUNISALENTO 998 $ale013$b14-09-12$cm$da $e-$feng$griu$h0$i0 LEADER 01732nam 2200505Ia 450 001 9910697085403321 005 20230902162153.0 035 $a(CKB)5470000002384045 035 $a(OCoLC)681935664 035 $a(EXLCZ)995470000002384045 100 $a20101118d2009 ua 0 101 0 $aeng 135 $aurmn||||||||| 181 $ctxt$2rdacontent 182 $cc$2rdamedia 183 $acr$2rdacarrier 200 10$aGuidelines on lithium-ion battery use in space applications$b[electronic resource] /$fBarbara McKissock, Patricia Loyselle, and Elisa Vogel 210 1$aHampton, Va. :$cNational Aeronautics and Space Administration, Langley Research Center,$d[2009] 215 $a1 online resource (49 pages) $cillustrations 225 1 $aNASA/TM- ;$v2009-215751 300 $aTitle from title screen (viewed on Nov. 18, 2010). 300 $a"May 2009." 300 $a"NESC-RP-08-75/06-069-I." 320 $aIncludes bibliographical references (pages 45-46) 410 0$aNASA technical memorandum ;$v215751. 606 $aElectric batteries$2nasat 606 $aMetal ions$2nasat 606 $aLithium$2nasat 606 $aElectrolytes$2nasat 606 $aAerospace engineering$2nasat 615 7$aElectric batteries. 615 7$aMetal ions. 615 7$aLithium. 615 7$aElectrolytes. 615 7$aAerospace engineering. 700 $aMcKissock$b Barbara$01400429 701 $aLoyselle$b Patricia$01392068 701 $aVogel$b Elisa$01400430 712 02$aLangley Research Center. 801 0$bGPO 801 1$bGPO 906 $aBOOK 912 $a9910697085403321 996 $aGuidelines on lithium-ion battery use in space applications$93467343 997 $aUNINA